000 00500nam a2200181Ia 4500
999 _c16040
_d16040
003 OSt
005 20200606115846.0
008 190216s9999||||xx |||||||||||||| ||und||
020 _a8173153523
040 _cMESKC library
082 _a891.433
_bSHA/D
100 _aSharma, Manu
_9361
245 0 _aDron Ki Atmakatha /
_cManu Sharma
260 _bPrabath Prakashan,
_aDelhi:
_c2001.
300 _a284p
650 _aHindi
942 _cBK
_2ddc
_h891.433
_iSHA/D
_k891.433
_mSHA/D